000 00718nam a2200205 i 4500
001 69936
003 ES-MaACL
005 20230906170652.0
007 t|
008 040713s1961 sp af |||| | spa d
100 1 _aGarcía Manrique, Eusebio.
_954881
245 1 0 _aEibar
_b: inmigración y desarrollo urbano e industrial /
_cE. García Manrique.
260 _aZaragoza :
_bInstituto Elcano,
_c1961.
300 _a208 p., 8 lám. :
_bil. ;
_c17 cm.
500 _aPrecede al tít.: Consejo Superior de Investigaciones Científicas.
650 4 _aDesarrollo industrial-
_zEibar.
_9169498
651 4 _aEibar-
_xPoblación.
_9169499
710 2 _aInstituto "Juan Sebastián Elcano"
_95113
852 _aES-MaACL
_jC-21065
999 _c69936
_d69936